00556nam a2200121 a 450000500170000000800410001705000200005824501070007826000390018552001480022465000300037265000320040220140414131854.0100817s19uu xx 00 eng d aM 811bH77 2002 aHome to me :bpoems across america /cselected by Lee Bennett Hopkins ; illustrated by Stephen Alcorn. aNew York :bOrchard Books,c2002. aA collection of fifteen poerms by various authors about home, whether it is on a boat, in a trailer park, on a reservation, or in a small town. aHomexJuvenile literature aChildren's poetry, American